| 000 | 00000nam 2200000zi 4500 |
| 001 | 9.941059 |
| 003 | CaOODSP |
| 005 | 20240725152455 |
| 006 | m o d f |
| 007 | cr |n||||||||| |
| 008 | 240725e201211##onc ob f|0| 0 fre d |
| 040 | |aCaOODSP|bfre|erda|cCaOODSP |
| 043 | |an-cn--- |
| 086 | 1 |aIN4-49/2012F-PDF |
| 245 | 00|aRapport sur l’audit interne de la gouvernance de la gestion de l’information et des technologies de l’information. |
| 264 | 1|a[Ottawa] : |bBureau du surintendant des institutions financières Canada = Office of the Superintendant of Financial Institutions Canada, |cnovembre 2012. |
| 300 | |a1 ressource en ligne (13 pages) |
| 336 | |atexte|btxt|2rdacontent/fre |
| 337 | |ainformatique|bc|2rdamedia/fre |
| 338 | |aressource en ligne|bcr|2rdacarrier/fre |
| 500 | |aPublié aussi en anglais sous le titre : Internal audit report on information management / information technology (IM/IT): governance. |
| 504 | |aComprend des références bibliographiques (page 13). |
| 610 | 26|aBureau du surintendant des institutions financières Canada|xAudit. |
| 650 | 6|aGestion des documents|zCanada|xAudit. |
| 650 | 6|aGestion de l'information|zCanada|xAudit. |
| 710 | 2 |aBureau du surintendant des institutions financières Canada, |eorganisme de publication. |
| 775 | 08|tInternal audit report on information management / information technology (IM/IT) : |w(CaOODSP)9.940471 |
| 856 | 40|qPDF|s817 Ko|uhttps://publications.gc.ca/collections/collection_2024/bsif-osfi/IN4-49-2012-fra.pdf |